000 00820nam a2200241 a 4500
001 BRCA_8725
005 20190320210400.0
008 150217s1779----sp-#######---#000-0#spa-#
041 _aspa
044 _asp
084 _aBE71
_b.B68 1779
100 1 _aBurdaloue, Luis (S.I.)
_921671
245 1 0 _aTomo tercero de la quaresma del padre Luis Burdalue, de la extinguida compañía llamada de Jesús, fielmente traducidas del francés al castellano.
250 _a2a ed.
260 _aMadrid
_bPor Blas Roman
_c1779
300 _a[2, 372 p. (t.4)
_c21.7 x 15 cm
500 _aEstado físico: presenta lomo desprendido y presencia del pez de plata
500 _aCon anotaciones en su interior
650 1 4 _aCuaresma
_921672
650 1 4 _aSermones
_yObras anteriores a 1800
_921369
902 _aCFM
942 _2lcc
_cB
999 _c8377
_d8377